[Event "Oberliga Ost-B 0102"]
[Site "?"]
[Date "2002.04.14"]
[Round "11.4"]
[White "Pribe Viktor"]
[Black "Tischer Guenter"]
[Result "1/2-1/2"]
[WhiteElo "2099"]
[BlackElo "2345"]
[PlyCount "108"]
[EventDate "2002.??.??"]
[Source "www.chesslib.no"]
[SourceDate "2004.05.04"]

1. e4 e6 2. d4 d5 3. e5 c5 4. Qg4 Nc6 5. Nf3 Nge7 6. Bd3 cxd4 7. O-O Ng6 8. Re1 Be7 9. c3 dxc3 10. Nxc3 O-O 11. a3 Bd7 12. Bd2 f5 13. Qg3 Rc8 14. b4 a6 15. Rac1 b5 16. Ne2 Bh4 17. Nxh4 Qxh4 18. Qxh4 Nxh4 19. Nf4 Ne7 20. Be2 Rxc1 21. Rxc1 Rc8 22. Nd3 Rxc1+ 23. Bxc1 Nhg6 24. f4 Bc8 25. Be3 Nc6 26. Bc5 Nf8 27. g4 g6 28. gxf5 gxf5 29. Bh5 Ng6 30. Kf2 Kf7 31. Kg3 Nd8 32. Kf3 Nc6 33. Ke2 Nd8 34. Kd2 Nc6 35. Kc3 Kg7 36. Bf2 Kf8 37. Bf3 Ke7 38. h4 Kf7 39. h5 Nf8 40. Kb3 Nd7 41. a4 Ke7 42. axb5 axb5 43. Kc3 Kd8 44. Nc5 Nxc5 45. Bxc5 Bd7 46. Be2 Nb8 47. Bd6 Na6 48. Kd4 Be8 49. Ke3 Nc7 50. Kf2 Na8 51. Bc5 Kc7 52. Kg3 Nb6 53. Bxb6+ Kxb6 54. Kh4 h6 1/2-1/2

[Event "It (cat.2)"]
[Site "Elista (Russia)"]
[Date "2008.01.08"]
[Round "8"]
[White "Shovunov Baatr (RUS)"]
[Black "Begjanian Hrajr (RUS)"]
[Result "0-1"]
[WhiteElo "2341"]
[BlackElo "2101"]
[PlyCount "124"]
[EventDate "2008.??.??"]
[Source "www.chesslib.no"]
[SourceDate "2004.05.04"]

1. e4 e6 2. d4 d5 3. e5 c5 4. Qg4 Qc7 5. Nf3 f5 6. Qg3 Nc6 7. Bd3 Bd7 8. O-O O-O-O 9. c3 c4 10. Be2 h6 11. h4 Be8 12. b3 Na5 13. Nfd2 Ne7 14. Ba3 f4 15. Qxf4 Nf5 16. h5 g5 17. Qh2 Kb8 18. Bxf8 Rxf8 19. bxc4 dxc4 20. Na3 Bc6 21. Rab1 Nh4 22. f3 Nf5 23. Rfe1 Ne3 24. Bf1 Nd5 25. Ne4 Rf4 26. Nxc4 Nxc4 27. Bxc4 Rh4 28. Qg3 Nf4 29. Nc5 Qf7 30. Red1 Ka8 31. Bf1 Qxh5 32. c4 Rh1+ 33. Kf2 Qg6 34. Rb2 b6 35. Na6 Qh7 36. Nb4 Bb7 37. Rbd2 Qc7 38. Nc2 a6 39. Ne3 Ka7 40. Be2 Rh4 41. Ke1 Nh5 42. Qf2 Rh1+ 43. Nf1 Qe7 44. a4 Qb4 45. Qe3 Nf4 46. Kf2 Qxa4 47. Qc3 Qc6 48. Ng3 Rh2 49. Bf1 g4 50. Kg1 Rh4 51. Qe3 gxf3 52. d5 exd5 53. Nf5 Rg4 54. Qxf3 Qc5+ 55. Rd4 Rdg8 56. Ne3 Nh3+ 57. Qxh3 Rxd4 58. Rxd4 Qxd4 59. cxd5 Qxe5 60. Qe6 Re8 61. Qxe5 Rxe5 62. d6 Bc6 0-1